Monaco all time xi - Statistics

General Stats
  • This quiz has been taken 13 times
  • The average score is 2 of 11
Answer Stats
Hint Answer % Correct
DF(Poland) Kamil Glik
75%
MF(France) Ludovic Giuly
50%
FW(France) Wissam Ben Yedder
42%
DF(France) Emmanuel Petit
17%
MF(France) Claude Puel
8%
FW(Argentina) Delio Onnis
8%
GK(France) Jean-Luc Ettori
8%
MF(France) Marcel Dib
8%
FW(France) Bruno Bellone
0%
DF(France) Luc Sonor
0%
DF(France) Manuel Amoros
0%
No matching quizzes found
Score Distribution
Percent of People with Each Score
Percentile by Number Answered
Your Score History
You have not taken this quiz